000 00584nam a2200229 a 4500
999 _c5347
_d5347
001 5347
003 BD-JhCC
005 20180421185313.0
008 171213s1980 b a|||| || | 001 0 eng d
035 _a(BD-JhCC)5347
040 _aBD-JhCC
_dBD-JhCC
041 _aeng
082 _a635
_bMAN 1980
100 _aManiruzzaman, F M
245 _aBasic Book of Planting and Gardening /
_cF M Maniruzzaman,
260 _aDacca :
_bF. M. Fazlul Hoque,
_c1980.
300 _a272 p. :
_c22 cm.
504 _aIncludes index
650 _aGardening
942 _2ddc
_cBK